Denonyms and nicknames - Statistics

General Stats
  • This quiz has been taken 681 times
    673 since last reset
  • The average score is 10 of 27
Answer Stats
Hint Answer % Correct
Phoenician, Phoenixer Phoenix
80%
Muscovite Moscow
78%
Newf/Newfie Newfoundland
65%
Pekinese Beijing
64%
Okie Oklahoma
55%
Apple Eaters, Taswegians, Tazzies Tasmania
53%
Canadien/Canadienne French Canada/Quebec
50%
Trini Trinidad and Tobago
50%
Cairene Cairo
48%
Gothamites/Knickerbockers New York
48%
Cheddarhead Wisconsin
45%
Yerushalmi Jerusalem
42%
Mancunian Manchester
38%
Tejano/Tejana Texas
34%
Varsovian Warsaw
33%
Walian Wales
32%
Vegan Las Vegas
31%
Saskabusher Saskatoon
29%
KL-ites Kuala Lumpur
27%
Pinoy Philippines
27%
Haligonian Halifax
26%
Bajan Barbados
24%
Carioca Rio de Janeiro
19%
Porteño Buenos Aires
10%
Iqalummiuq Iqaluit
10%
Jafa Auckland
5%
Quisqueya Dominican Republic
5%
No matching quizzes found
Score Distribution
Percent of People with Each Score
Percentile by Number Answered
Your Score History
You have not taken this quiz since the last reset